000 00602nam#a22002295a#4500
001 2839
008 211005s2021####ag############000#0#und#d
245 1 0 _aQuince ocasiones para pedir deseos en la calle /
_cNicolás Schuff.
250 _a1ªed. esp.
260 _aBuenos Aires :
_bLimonero,
_c2021.
300 _a40 p. ;
_c33 x 23 cm.
020 _a9789874794055
100 1 _aSchuff, Nicolás.
080 _a82-93
084 _aS99
653 _aLiteratura Infantil
653 _aNarrativa Argentina
040 _aAR-ClEAG
_cAR-ClEAG
005 20241107184803.0
003 AR-ClEAG
942 _cBK
999 _c2839
_d2839
980 _62
_aEvangelina Gallicchio
_82
_gEvangelina Gallicchio